000 00484nam a2200181Ia 4500
008 100917s9999 xx 000 0 und d
082 _b45742
100 _aपारगावकर वि. शं.
245 _aगोंदण
260 _bरविराज प्रकाशन
_c1981
300 _a182
365 _b16
520 _aकादंबरी
630 _aगोंदण
650 _aकादंबरी
730 _aगोंदण
942 _cBOOK
999 _c651136
_d651133